000 00727nam a2200217Ii 4500
003 JO-AjNU
008 230605s9999||||xx |||||||||||||| ||und||
017 _a2000/10/2816
040 _aJO-AjNU
_bara
_erda
_cJO-AjNU
041 _aara
050 1 4 _aBP184.6.Q2222 2001
100 3 _aالقضاة، علي عبد الله ابراهيم,
_eauthor
_949152
245 0 0 _aأحكام الأضحية والعقيقة في الفقه الإسلامي
250 _aط1
264 3 1 _aعمان: المؤلف، 2001
300 _a79ص
336 _atext
_btxt
_2rdacontent
337 _aunmediated
_bn
_2rdamedia
338 _avolume
_bnc
_2rdacarrier
650 4 _aالاضحية- العقيقة- الفقه الاسلامي
_949153
999 _aA21571
_c25139
_d25139